|
|
|
|
| LEADER |
00000cam a2200000 7i4500 |
| 001 |
0000003807 |
| 005 |
20240917.0 |
| 008 |
240909 enk eng |
| 040 |
|
|
|a INS
|b eng
|e rda
|
| 090 |
0 |
0 |
|a RHT169.G7
|b .E52 1985
|
| 245 |
0 |
0 |
|a Encylopedia of planning :
|b Law and practice
|c editor Malcolm Grant
|
| 264 |
|
1 |
|a London :
|b Sweet & Maxwell
|c 1985
|
| 300 |
|
|
|a 1 v. (various pagings) ;
|c 25 cm.
|
| 336 |
|
|
|a text
|2 rdacontent
|
| 337 |
|
|
|a unmediated
|2 rdamedia
|
| 338 |
|
|
|a volume
|2 rdacarrier
|
| 500 |
|
|
|a Library has 5 vol. (1A until 4)
|
| 650 |
|
0 |
|a Land development
|
| 650 |
|
0 |
|a Land law
|
| 650 |
|
0 |
|a Land law
|x Dictionaries and encyclopedia
|
| 650 |
|
0 |
|a Planning law
|x Dictionaries and encyclopedia Land-law
|
| 700 |
1 |
|
|a Grant, Malcolm ,
|e editor
|
| 999 |
|
|
|a 0000001926
|b BOOK
|c Reference
|e Default branch
|
| 999 |
|
|
|a 0000001927
|b BOOK
|c Reference
|e Default branch
|
| 999 |
|
|
|a 0000001928
|b BOOK
|c Reference
|e Default branch
|
| 999 |
|
|
|a 0000001929
|b BOOK
|c Reference
|e Default branch
|
| 999 |
|
|
|a 0000001930
|b BOOK
|c Reference
|e Default branch
|